|
|
|
|
| LEADER |
00000nam0a2200000 4500 |
| 001 |
360506 |
| 005 |
20231102011308.0 |
| 035 |
|
|
|a (RuTPU)RU\TPU\retro\17832
|
| 090 |
|
|
|a 360506
|
| 100 |
|
|
|a 20210412d1974 m y0rusy50 ca
|
| 101 |
1 |
|
|a eng
|c rus
|
| 102 |
|
|
|a RU
|
| 105 |
|
|
|a a j 001zy
|
| 200 |
1 |
|
|a Основы теории пластичности
|d Fundamentals of the Theory of Plasticity
|e [учебное пособие]
|f Л. М. Качанов
|g пер. М. Коняевой
|
| 210 |
|
|
|a Москва
|c Мир
|d 1974
|
| 215 |
|
|
|a 450 с.
|c ил.
|
| 300 |
|
|
|a На английском языке
|
| 320 |
|
|
|a Указатель: с. 440-445
|
| 454 |
|
1 |
|0 (RuTPU)RU\TPU\book\96699
|t Основы теории пластичности
|o учебное пособие
|f Л. М. Качанов
|e 2-е изд., перераб. и доп.
|c Москва
|d 1969
|n Наука
|p 420 с.
|a Качанов, Лазарь Маркович
|
| 510 |
1 |
|
|a Fundamentals of the Theory of Plasticity
|z eng
|
| 606 |
1 |
|
|a Пластичность, теория
|2 stltpush
|3 (RuTPU)RU\TPU\subj\49068
|9 67879
|
| 610 |
1 |
|
|a уравнения пластичности
|
| 610 |
1 |
|
|a кручение
|
| 610 |
1 |
|
|a деформация
|
| 610 |
1 |
|
|a напряженное состояние
|
| 610 |
1 |
|
|a энергетические методы
|
| 610 |
1 |
|
|a приспособляемость
|
| 610 |
1 |
|
|a сложные среды
|
| 610 |
1 |
|
|a вязкопластичность
|
| 610 |
1 |
|
|a учебные пособия
|
| 675 |
|
|
|a 539.5(075.8)
|v 4
|
| 700 |
|
1 |
|a Качанов
|b Л. М.
|g Лазарь Маркович
|
| 702 |
|
1 |
|a Коняева
|b М.
|4 730
|
| 801 |
|
1 |
|a RU
|b 63413507
|c 20210412
|
| 801 |
|
2 |
|a RU
|b 63413507
|c 20210519
|g RCR
|
| 942 |
|
|
|c BK
|